Medir la economía de los países : (Registro nro. 8521)
[ vista simple ]
| 000 -LEADER | |
|---|---|
| fixed length control field | 03038nam a2200289Ia 4500 |
| 003 - CONTROL NUMBER IDENTIFIER | |
| control field | OSt |
| 005 - DATE AND TIME OF LATEST TRANSACTION | |
| control field | 20210908123447.0 |
| 008 - FIXED-LENGTH DATA ELEMENTS--GENERAL INFORMATION | |
| fixed length control field | 210310s2003 ck fr 001 0 spa d |
| 020 ## - INTERNATIONAL STANDARD BOOK NUMBER | |
| International Standard Book Number | 9586825124 |
| 040 ## - CATALOGING SOURCE | |
| Original cataloging agency | CO-JMCR |
| Transcribing agency | CO-JMCR |
| 041 1# - LANGUAGE CODE | |
| Language code of text/sound track or separate title | spa |
| Language code of original | fre |
| 082 04 - DEWEY DECIMAL CLASSIFICATION NUMBER | |
| Classification number | 339.3 / |
| Item number | S774m |
| Edition number | 23 |
| 100 1# - MAIN ENTRY--PERSONAL NAME | |
| Personal name | Séruzier, Michel, |
| 9 (RLIN) | 17513 |
| Relator term | autor |
| 245 10 - TITLE STATEMENT | |
| Title | Medir la economía de los países : |
| Remainder of title | según el sistema de cuentas nacionales / |
| Statement of responsibility, etc. | Michel Séruzier ; traducción del francés, Lucía Vera |
| 250 ## - EDITION STATEMENT | |
| Edition statement | Primera edición |
| 260 ## - PUBLICATION, DISTRIBUTION, ETC. | |
| Place of publication, distribution, etc. | Bogotá : |
| Name of publisher, distributor, etc. | Alfaomega : Cepal, |
| Date of publication, distribution, etc. | 2003 |
| 300 ## - PHYSICAL DESCRIPTION | |
| Extent | xxx, 700 páginas ; |
| Dimensions | 23 cm. |
| 490 0# - SERIES STATEMENT | |
| Series statement | Economía internacional |
| 500 ## - GENERAL NOTE | |
| General note | Incluye índice analítico y notas a pie de página.<br/>Título original en francés: Construire les comptes de la nation |
| 504 ## - BIBLIOGRAPHY, ETC. NOTE | |
| Bibliography, etc. note | Bibliografía: páginas 695-696 |
| 505 0# - FORMATTED CONTENTS NOTE | |
| Formatted contents note | Contabilidad nacional y análisis económico -- Elaboración de las cunetas nacionales -- La arquitectura contable del sistema -- Tratamiento de los datos contables de la unidades institucionales -- El sector del gobierno general -- El sector de las sociedades no financieras -- El sector de las sociedades financieras -- Los otros sectores institucionales (Hogares, ISFL, Resto del mundo) -- Producción, empleo y economía informal -- Los bienes y servicios y el cuadro de oferta y utilización (COU) -- Elaboración de los elementos transversales del COU -- La producción de las industrias (Ramas de actividad) -- Las etapas de la síntesis del COU -- Las series de cuentas -- Flujos y stocks de instrumentos financieros -- Las transacciones distributivas y la síntesis de conjunto -- El entorno necesario para la elaboración de las cuentas de la nación |
| 520 3# - SUMMARY, ETC. | |
| Summary, etc. | La contabilidad nacional es un instrumento de medición que provee de manera sistemática información acerca de la situación económica de un país. A través de la descripción de este instrumento, esta obra responde a una necesidad de primer orden: permitir a los usuarios de las cuentas conocer en qué modo son elaboradas. Pero su objetivo central es contribuir al trabajo de los encargados de elaborar las cuentas nacionales, tanto desde la perspectiva de las técnicas que deben desarrollar como del espíritu en que han de hacerlo.<br/>Gracias a la nueva versión internacional del sistema de cuentas nacionales (SCN) adoptado en 1993, se dispone actualmente de un marco muy completo para organizar la información macroeconómica de los países. Los métodos de elaboración de las cuentas nacionales que se presentan en este libro han sido paulatinamente desarrollados en numerosas naciones, particularmente dentro de la cooperación internacional que Francia mantiene con éstas. Su adaptación al nuevo sistema debería facilitar la tarea de los países que deseen modernizar sus cuentas nacionales de acuerdo con este renovado marco. |
| 546 ## - LANGUAGE NOTE | |
| Language note | Traducido del francés. |
| 650 14 - SUBJECT ADDED ENTRY--TOPICAL TERM | |
| Topical term or geographic name entry element | Rentas nacionales |
| 9 (RLIN) | 17515 |
| General subdivision | Contabilidad |
| 700 1# - ADDED ENTRY--PERSONAL NAME | |
| Personal name | Vera, Lucía, |
| Relator term | traductor |
| 9 (RLIN) | 40158 |
| 942 ## - ADDED ENTRY ELEMENTS (KOHA) | |
| Source of classification or shelving scheme | Dewey Decimal Classification |
| Koha item type | Books |
| Withdrawn status | Lost status | Source of classification or shelving scheme | Damaged status | Not for loan | Collection code | Home library | Current library | Date acquired | Source of acquisition | Full call number | Barcode | Date last seen | Copy number | Koha item type |
|---|---|---|---|---|---|---|---|---|---|---|---|---|---|---|
| Dewey Decimal Classification | Non-fiction | Biblioteca Pública José María del Castillo y Rada | Biblioteca Pública José María del Castillo y Rada | 04/15/2018 | Donación | 339.3 / S774m | 430006173 | 05/16/2024 | Ej.1 | Books |